000
00278nam a2200121 a 4500
008
100920s1977|||| d
245
1
0
_a
Efezský príbeh o láske
100
1
_a
Xenofón
260
_b
Tatran
_a
Bratislava
_c
1977
020
_c
12
044
_a
xo
_c
SK
041
_a
slo
999
_c
10517
_d
10517